| 000 | 01612cpcaa2200325 a 4500 | ||
|---|---|---|---|
| 001 | mm 87006189 | ||
| 003 | DLC | ||
| 005 | 20260227111722.0 | ||
| 008 | 870514|||||||||||| eng | ||
| 010 | _amm 87006189 | ||
| 040 |
_aDLC _cDLC _dDLC _edacs |
||
| 072 | 7 |
_aC _2lcmd |
|
| 100 | 1 |
_aTuckerman, Joseph, _d1778-1840. |
|
| 245 | 0 | 0 |
_aJoseph Tuckerman correspondence, _f1836-1840. |
| 300 |
_a4 _fitems. |
||
| 506 | 0 | _aOpen to research. | |
| 520 | 8 | _aALS (1836 September 5) written by Ada King, Countess of Lovelace, extending an invitation to Tuckerman to visit while in London; ALS (1840 April 29) written by William Ellery Channing to Tuckerman commenting on their mutual religious beliefs; and two ALsS (no year February 7 and May 9) written by Lady Anne Isabella Milbanke Byron inviting Tuckerman to dine with her. | |
| 545 | 0 | _aClergyman. | |
| 546 | _aCollection material in English. | ||
| 580 | _aForms part of: Miscellaneous Manuscripts collection. | ||
| 600 | 1 | 0 |
_aByron, Anne Isabella Milbanke Byron, _cBaroness, _d1792-1860 _vCorrespondence. |
| 600 | 1 | 0 |
_aChanning, William Ellery, _d1780-1842 _vCorrespondence. |
| 600 | 1 | 0 |
_aChanning, William Ellery, _d1780-1842 _xReligion. |
| 600 | 1 | 0 |
_aLovelace, Ada King, _cCountess of, _d1815-1852 _vCorrespondence. |
| 600 | 1 | 0 |
_aTuckerman, Joseph, _d1778-1840 _xReligion. |
| 651 | 0 |
_aLondon (England) _xSocial life and customs. |
|
| 656 | 7 |
_aClergy. _2itoamc |
|
| 999 |
_c44164 _d44164 |
||